Statistiques concernant Pays européens en 1600

Cliquez ici pour prendre le quiz!

Statistiques générales

  • Ce quiz a été pris 277 fois
    (216 depuis la dernière actualisation)
  • Le résultat moyen est 11 sur 20

Statistiques - réponses

Pays% Correct
France
99%
Espagne
96%
Angleterre
91%
Russie
88%
Suède
83%
Danemark
76%
Autriche
75%
Pologne-Lituanie
74%
Empire ottoman
72%
Ecosse
65%
Saint-Empire romain germanique
64%
Etats de l'église
46%
Venise
45%
Andorre
39%
Gênes
34%
Provinces-Unies
21%
Valachie
10%
Tyrone
2%
Connaught
1%
Thomond
1%

Distribution des résultats

Percentile par nombre de réponses

% des personnes avec chaque résultat

Votre développement - résultats

Vous n’avez pas pris ce quiz depuis la dernière actualisation